Kapten Hassan wira bangsa

Bibliographic Details
Main Author: Harun Johari
Format: Book
Published: Kuala Lumpur : Dewan Bahasa Dan Pustaka , 1993
Subjects:

MARC

LEADER 00000cam a2200000 7i4500
001 0000009407
002 000010242
005 20000330.0
020 |a 9836227830 
090 0 0 |a JF   |b HAR 
100 0 |a Harun Johari 
245 1 0 |a Kapten Hassan wira bangsa   |c Harun Johari 
260 |a Kuala Lumpur :   |b Dewan Bahasa Dan Pustaka ,   |c 1993 
300 |a 162p. ;   |c 18cm. 
650 0 0 |a Biographical fiction 
999 |a 029685   |b BUKU   |c PINJAMAN   |e PERPUSTAKAAN KOMUNITI PETALING JAYA 
999 |a 029687   |b BUKU   |c PINJAMAN   |e PERPUSTAKAAN KOMUNITI PETALING JAYA